| 000 -LEADER |
| fixed length control field |
01990cam a22004454a 4500 |
| 001 - CONTROL NUMBER |
| control field |
15002199 |
| 003 - CONTROL NUMBER IDENTIFIER |
| control field |
OSt |
| 005 - DATE AND TIME OF LATEST TRANSACTION |
| control field |
20211221153537.0 |
| 008 - FIXED-LENGTH DATA ELEMENTS--GENERAL INFORMATION |
| fixed length control field |
070911s2008 gaua 001 0 eng |
| 010 ## - LIBRARY OF CONGRESS CONTROL NUMBER |
| LC control number |
2007037433 |
| 020 ## - INTERNATIONAL STANDARD BOOK NUMBER |
| International Standard Book Number |
0881735752 (alk. paper) |
| 020 ## - INTERNATIONAL STANDARD BOOK NUMBER |
| International Standard Book Number |
1420073273 |
| 020 ## - INTERNATIONAL STANDARD BOOK NUMBER |
| International Standard Book Number |
0881735760 (electronic) |
| 020 ## - INTERNATIONAL STANDARD BOOK NUMBER |
| International Standard Book Number |
9780881735765 (electronic) |
| 020 ## - INTERNATIONAL STANDARD BOOK NUMBER |
| International Standard Book Number |
1420073273 (distributor Taylor & Francis : alk. paper) |
| 020 ## - INTERNATIONAL STANDARD BOOK NUMBER |
| International Standard Book Number |
9781420073270 (distributor Taylor & Francis : alk. paper) |
| 035 ## - SYSTEM CONTROL NUMBER |
| System control number |
(OCoLC)ocn171152407 |
| 035 ## - SYSTEM CONTROL NUMBER |
| System control number |
(OCoLC)171152407 |
| Canceled/invalid control number |
(OCoLC)181142655 |
| 038 ## - RECORD CONTENT LICENSOR |
| Staff Name |
khadija |
| 040 ## - CATALOGING SOURCE |
| Original cataloging agency |
DLC |
| Transcribing agency |
DLC |
| Modifying agency |
C#P |
| -- |
BWX |
| -- |
YDXCP |
| -- |
BTCTA |
| -- |
BAKER |
| -- |
DLC |
| 050 00 - LIBRARY OF CONGRESS CALL NUMBER |
| Classification number |
TJ163.3 |
| Item number |
.V35 2008 |
| 082 00 - DEWEY DECIMAL CLASSIFICATION NUMBER |
| Classification number |
696 |
| Edition number |
22 |
| Author Mark |
VAI |
| 100 1# - MAIN ENTRY--PERSONAL NAME |
| Personal name |
Vaillencourt, Richard, |
| Dates associated with a name |
1951- |
| 9 (RLIN) |
86889 |
| 245 10 - TITLE STATEMENT |
| Title |
Simple solutions to energy calculations / |
| Statement of responsibility, etc. |
Richard Vaillencourt. |
| 250 ## - EDITION STATEMENT |
| Edition statement |
4th ed. |
| 260 ## - PUBLICATION, DISTRIBUTION, ETC. |
| Place of publication, distribution, etc. |
Lilburn, GA : |
| Name of publisher, distributor, etc. |
Fairmont Press ; |
| Place of publication, distribution, etc. |
Boca Raton, FL : |
| Name of publisher, distributor, etc. |
CRC Press, |
| Date of publication, distribution, etc. |
c2008. |
| 300 ## - PHYSICAL DESCRIPTION |
| Extent |
xi, 219 p. : |
| Other physical details |
ill. ; |
| Dimensions |
24 cm. |
| 500 ## - GENERAL NOTE |
| General note |
Includes index. |
| 505 0# - FORMATTED CONTENTS NOTE |
| Formatted contents note |
The walk through audit -- Simple thermodynamics -- Lighting -- Pumps -- Fans -- Motors -- Insulation -- Fuel switching -- Heat recovery -- Heating, venting, and air conditioning -- Summary of calculations -- Energy myths and magic : an examination of conservation measures and calculations. |
| 563 ## - BINDING INFORMATION |
| Binding note |
HB |
| 650 #0 - SUBJECT ADDED ENTRY--TOPICAL TERM |
| Topical term or geographic name entry element |
Energy conservation. |
| 9 (RLIN) |
86890 |
| 650 #0 - SUBJECT ADDED ENTRY--TOPICAL TERM |
| Topical term or geographic name entry element |
Energy auditing |
| General subdivision |
Mathematics. |
| 9 (RLIN) |
86891 |
| 650 #0 - SUBJECT ADDED ENTRY--TOPICAL TERM |
| Topical term or geographic name entry element |
Energy auditing. |
| 9 (RLIN) |
86892 |
| 650 #0 - SUBJECT ADDED ENTRY--TOPICAL TERM |
| Topical term or geographic name entry element |
Engineering mathematics |
| Form subdivision |
Formulae. |
| 9 (RLIN) |
86893 |
| 856 42 - ELECTRONIC LOCATION AND ACCESS |
| Materials specified |
Publisher description |
| Uniform Resource Identifier |
<a href="http://www.loc.gov/catdir/enhancements/fy0801/2007037433-d.html">http://www.loc.gov/catdir/enhancements/fy0801/2007037433-d.html</a> |
| 856 41 - ELECTRONIC LOCATION AND ACCESS |
| Materials specified |
Table of contents |
| Uniform Resource Identifier |
<a href="http://www.loc.gov/catdir/toc/fy0804/2007037433.html">http://www.loc.gov/catdir/toc/fy0804/2007037433.html</a> |
| 906 ## - LOCAL DATA ELEMENT F, LDF (RLIN) |
| a |
7 |
| b |
cbc |
| c |
orignew |
| d |
1 |
| e |
ecip |
| f |
20 |
| g |
y-gencatlg |
| 942 ## - ADDED ENTRY ELEMENTS (KOHA) |
| Source of classification or shelving scheme |
|
| Koha item type |
Book |